United States : State Animals that are Unique - Statistics

General Stats
  • This quiz has been taken 6 times
  • The average score is 4 of 18
Answer Stats
Hint Answer % Correct
Florida Panther Florida
100%
Hawaiian Hoary Bat Hawaii
100%
Badger Wisconsin
83%
Long Horn Texas
33%
Olympic Marmot Washington
33%
Sperm Whale Connecticut
17%
Gray Squirrel Kentucky
17%
Calico Cat Maryland
17%
Harbor Seal Rhode Island
17%
Ring-Tailed Cat Ariozna
0%
Gray Fox Delaware
0%
Falcon Idaho
0%
Cardinal Indiana
0%
Ground Hog Massachusetts
0%
Opossum North Carolina
0%
Coyote South Dakota
0%
Racoon Tennessee
0%
Morgan Horse Vermont
0%
No matching quizzes found
Score Distribution
Percent of People with Each Score
Percentile by Number Answered
Your Score History
You have not taken this quiz